|
|
|
|
| LEADER |
00000nab a22000007a 4500 |
| 003 |
Ucuenca |
| 005 |
20240228161119.0 |
| 008 |
180122b2009 ec ||||| |||| 00| 0 spa d |
| 040 |
|
|
|b spa
|
| 041 |
0 |
|
|a spa
|
| 082 |
0 |
|
|a 630.5
|b U48re
|
| 100 |
1 |
|
|9 154233
|a Vaca Vaca, Carlos
|
| 110 |
2 |
|
|a Universidad de Cuenca.
|b Facultad de Ciencias Agropecuarias.
|9 189205
|
| 245 |
|
3 |
|a El enfoque de sistemas, para el análisis y mejoramiento de sistemas de producción agropecuario forestal
|c Carlos Vaca Vaca
|h imp
|
| 264 |
|
|
|a Cuenca
|b Universidad de Cuenca
|c 2009
|
| 300 |
|
|
|a páginas: 10-14
|c 30 cm
|
| 310 |
|
|
|a irre
|
| 362 |
|
|
|a no. 11 (abril 2009)
|
| 504 |
|
|
|a incl. ref.
|
| 520 |
|
|
|a La producción agropecuaria se desarrolla en el Ecuador, enmarcada en un contexto complejo, influenciado por dos dimensiones, el carácter sistémico y la dinámica en el tiempo, lo que nos conduce urgentemente a proponer que se realicen investigaciones acordes, aplicando el enfoque de sistemas de producción agropecuarios que nos permitirá identificar problemas y consecuentemente proponer las alternativas de solución, en consideración a que este proceso, en nuestro país.
|
| 650 |
|
4 |
|a Producción forestal
|9 61390
|
| 650 |
|
|
|9 219483
|a sistema agropecuario forestal
|
| 773 |
0 |
|
|0 109904
|9 129777
|a Universidad de Cuenca. Facultad de Ciencias Agropecuarias
|d Cuenca Universidad de Cuenca 2009
|o 251358
|t Séminis
|
| 942 |
|
|
|2 ddc
|c SERA
|z esthela.durán@ucuenca.edu.ec
|
| 999 |
|
|
|c 153664
|d 153664
|